The Dark Knight Trilogy 'Simpsonized' (Slideshow) Quiz Stats

Quiz not verified by Sporcle

Challenge
Share
Tweet
Score 0/11 Timer 03:00
1 Play Today
% Correct
Batman
100%
Bane
93.2%
The Joker
92.8%
Catwoman
92.5%
Harvey Dent
89.1%
Scarecrow
88.6%
Commissioner James Gordon
84%
Henri Ducard
64.5%
Miranda Tate
54%
John Blake
41.9%
Mayor Anthony Garcia
12.1%

You're not logged in!

Compare scores with friends on all Sporcle quizzes.
Sign Up with Email
OR
Log In

You Might Also Like...

Show Comments

Extras

Top Quizzes Today


Score Distribution

Your Account Isn't Verified!

In order to create a playlist on Sporcle, you need to verify the email address you used during registration. Go to your Sporcle Settings to finish the process.